Alle Anschlussstellen BAB 14 - Statistiken

Allgemein
  • Dieses Quiz wurde 32 mal gespielt
  • Das Durchschnittsergebnis liegt bei 24 aus 50
Antwortstatistiken
Antwort % Korrekt
18 Halle-Ost
91%
17 Halle/Peißen
91%
2 Kreuz Wismar
82%
8 Ludwigslust
82%
4 Schwerin-Nord
82%
11 Karstädt
73%
7 Kreuz Schwerin
73%
5 Schwerin-Ost
73%
2 Kreuz Magdeburg
64%
22 Leipzig-Nord
64%
21 Schkeuditz
64%
5 Magdeburg-Sudenburg
55%
38 Dreieck Nossen
55%
12 Könnern
55%
10 Kreuz Bernburg
55%
25 Leipzig-Nordost
55%
20 Schkeuditzer Kreuz
55%
8 Calbe (Saale)
45%
28 Dreieck Parthenaue
45%
19 Gröbers
45%
10 Groß Warnow
45%
15 Halle-Trotha
45%
3 Jesendorf
45%
24 Leipzig-Messegelände
45%
23 Leipzig-Mitte
45%
26 Leipzig.Ost
45%
6 Magdeburg-Reform
45%
3 Magdeburg-Stadtfeld
45%
37 Nossen-Ost
45%
11 Plötzkau
45%
7 Schönebeck (Elbe)
45%
20 Colbitz
36%
1 Dahlenwarsleben
36%
34 Döbeln-Nord
36%
35 Döbeln-Ost
36%
31 Grimma
36%
16 Halle-Tornau
36%
1 Kritzow
36%
13 Löbejün
36%
36 Nossen-Nord
36%
9 Staßfurt
36%
4 Wanzleben
36%
21 Wolmirstedt
36%
32 Mutzschen
27%
9 Grabow
27%
27 Kleinpösna
27%
30 Klinga
27%
33 Leisnig
27%
29 Naunhof
27%
19 Tangerhütte
18%
Keine übereinstimmenden Quizze gefunden
Verteilung der Resultate
Anzahl Personen mit jedem Resultat
Perzentil nach korrekt beantworteten Fragen
Ihre Resultats-Entwicklung
Sie haben dieses Quiz noch nicht gespielt